000 00693nam a2200289Ia 4500
001 Z_4410
003 CHAP
008 220113s1967 xx 000 0 und d
010 _a167480
040 _cCHAP
082 _a636.21 F32
100 _aFactors affecting calf crop
_9141702
245 _a/
_ced. by T. J. Cunha... /
_cet al /
_c
260 _aGainesville :
_bUniversity of Florida,
_c1967
300 _a376 p.
440 _a
500 _a
503 _a136736
650 _aBecerros
_xMejoramiento
_9140827
650 _aBecerros
_xNutrición I. Cunha, Tony
_9141703
901 _a636.21 F32
902 _aA
910 _a1967
942 _c1
942 _cc1
999 _c167480
_d167480